Circuitos financieros y laborales transfronterizos /

Spremljeno u:
Bibliografski detalji
Glavni autor: Girón, Alicia
Format: Tekst
Teme:
Oznake: Dodaj oznaku
Bez oznaka, Budi prvi tko označuje ovaj zapis!

MARC

LEADER 00000 a a2200000 04500
001 42477
003
040
100 |a Girón, Alicia  
245 |a Circuitos financieros y laborales transfronterizos /  |c Alicia Girón  
650 |a MIGRACION  
650 |a REMESAS  
650 |a DERECHOS HUMANOS  
650 |a POLITICA ECONOMICA  
773 |g volumen3, número5 ( , 2008), páginas 147-170  
999 |c 34202  |d 34202